Animals that start with the letter P - Statistics

General Stats
  • This quiz has been taken 67 times
    58 since last reset
  • The average score is 12 of 17
Answer Stats
Picture Hint Answer % Correct
The Black- Panther
97%
Peacock
94%
Penguin
94%
Polar Bear
94%
Wilbur Pig
92%
Shoe brand Puma
92%
Perry the- Platypus
86%
Pug
81%
Porcupine
78%
Poodle
67%
Nigel Pelican
64%
Penguin+violin Pangolin
61%
Pufferfish
58%
Piranha
53%
Possum
36%
Proboscis Monkey
25%
Smallest species of monkeys Pygmy Marmoset
8%
No matching quizzes found
Score Distribution
Percent of People with Each Score
Percentile by Number Answered
Your Score History
You have not taken this quiz since the last reset